| 000 | 00481nam a2200169 a 4500 | ||
|---|---|---|---|
| 005 | 20240113063643.0 | ||
| 008 | 991125s1972 es 000 0 spa u | ||
| 035 | _aUPN01000032292 | ||
| 049 | _aCG | ||
| 050 | 4 |
_aP90 _bM6.38 |
|
| 100 | 1 |
_aMounin, Georges, _d1910- _930292 |
|
| 245 | 1 | 0 |
_aIntroducción a la semiología / _cGeorges Mounin ; tr. Carlos Manzano. |
| 260 |
_aBarcelona, Esp. : _bAnagrama, _c1972. |
||
| 300 | _a285 p. | ||
| 650 | 4 |
_aComunicación _99285 |
|
| 905 | _aLibro | ||
| 999 |
_c32292 _d32292 |
||